Human capital : (Record no. 346888)
[ view plain ]
| 000 -LEADER | |
|---|---|
| fixed length control field | 01303 a2200205 4500 |
| 020 ## - INTERNATIONAL STANDARD BOOK NUMBER | |
| International Standard Book Number | 0787940151 (hardcover) |
| 020 ## - INTERNATIONAL STANDARD BOOK NUMBER | |
| International Standard Book Number | 9780787940157 (hardcover) |
| 082 04 - DEWEY DECIMAL CLASSIFICATION NUMBER | |
| Classification number | 658.3 |
| 090 ## - LOCALLY ASSIGNED LC-TYPE CALL NUMBER (OCLC); LOCAL CALL NUMBER (RLIN) | |
| -- | 4445 |
| -- | 4445 |
| 100 1# - MAIN ENTRY--PERSONAL NAME | |
| Personal name | Davenport, Thomas O. |
| 245 10 - TITLE STATEMENT | |
| Title | Human capital : |
| Remainder of title | what it is and why people invest it / |
| Statement of responsibility, etc. | Thomas O. Davenport. |
| 250 ## - EDITION STATEMENT | |
| Edition statement | 1St Edition ed. |
| 260 ## - PUBLICATION, DISTRIBUTION, ETC. | |
| Place of publication, distribution, etc. | [S.l.] : |
| Name of publisher, distributor, etc. | Jossey-Bass, |
| Date of publication, distribution, etc. | 1999. |
| 300 ## - PHYSICAL DESCRIPTION | |
| Extent | 272 p. ; |
| Dimensions | 24 cm. |
| 490 1# - SERIES STATEMENT | |
| Series statement | The jossey-bass business & management series. |
| 520 ## - SUMMARY, ETC. | |
| Summary, etc. | No longer mere company "assets," today's in-demand workers have become free agents who can and do invest their ability, behavior, and energy-their human capital-in the companies of their choice. And the companies they choose, the companies that will win in the marketplace, will be the ones that know how to create and deliver the best return on that investment. In this book, author Thomas O. Davenport explores the dynamics of this emerging workplace phenomenon and describes specific strategies that companies and workers can use to build mutually beneficial relationships in the new knowledge economy. |
| 830 #4 - SERIES ADDED ENTRY--UNIFORM TITLE | |
| Uniform title | The jossey-bass business & management series. |
| 856 40 - ELECTRONIC LOCATION AND ACCESS | |
| Materials specified | Amazon.com |
| Uniform Resource Identifier | <a href="http://www.amazon.com/exec/obidos/ASIN/0787940151/chopaconline-20">http://www.amazon.com/exec/obidos/ASIN/0787940151/chopaconline-20</a> |
| 942 ## - ADDED ENTRY ELEMENTS (KOHA) | |
| Institution code [OBSOLETE] | NBS |
| Koha item type | Book |
| Call number prefix | 658.3 DAV |
| Withdrawn status | Lost status | Damaged status | Not for loan | Permanent Location | Current Location | Date acquired | Total Checkouts | Full call number | Barcode | Date last seen | Price effective from | Koha item type |
|---|---|---|---|---|---|---|---|---|---|---|---|---|
| Central Library (CL) | Central Library (CL) | 08/28/2013 | 658.3 DAV | NBS5253 | 08/28/2013 | 08/28/2013 | Book |
